Az Európai Unió további bővítésének lehetőségei és stratégiai autonómiájának jövője Oroszország árnyékában

Bibliográfiai részletek
Szerző: Domján László
További közreműködők: Krasztev Dr. Péter Lajos
Dokumentumtípus: TDK dolgozat
Kulcsszavak:európai stratégiai autonómia
Európai Unió
Európai Unió bővítése
Európai Unió intézményrendszere
orosz-ukrán háború
Oroszország
Online Access:http://dolgozattar.uni-bge.hu/60467

MARC

LEADER 00000nta a2200000 i 4500
001 dolg60467
005 20260416073742.0
008 260416suuuu hu o 000 hun d
040 |a BGE Dolgozattár Repozitórium  |b hun 
041 |a hu 
100 1 |a Domján László 
245 1 3 |a Az Európai Unió további bővítésének lehetőségei és stratégiai autonómiájának jövője Oroszország árnyékában  |c Domján László  |h [elektronikus dokumentum] 
516 |a Students_Scientific_Association_paper 
520 3 |a Az orosz-ukrán háború 2022. február 24-i nagy léptékű eszkalációja alapvető változást hozott az Európai Unió biztonságpercepciójában, ismét középpontba állítva a bővítés kérdését. Donald Trump ismételt elnökké választásával megkérdőjeleződött az Egyesült Államok NATO iránti elkötelezettsége, amely az EU előtt álló geopolitikai kihívásokat tovább komplikálja és ismét napirendre helyezte az európai stratégiai autonómia kérdését.Kutatásom célja feltárni, hogy az Európai Unió hogyan felelhet meg az előtte álló geopolitikai kihívásoknak e változóban lévő nemzetközi környezetben.Ennek során az alábbi kutatási kérdésekre kerestem a választ:K1: Milyen belső, az Európai Unió működését érintő reformokat kíván meg az EU további bővítése, illetve önálló geopolitikai szereplőként történő fellépése lehetőségének megteremtése?K2: Milyen érvek szólnak az Európai Unió további bővítése mellett napjaink biztonságpolitikai környezetének tükrében és a további bővítés hogyan befolyásolhatja a blokk kapcsolatait Oroszországgal?K3: Mennyire felkészültek a jelenlegi tagjelölt és potenciális tagjelölt államok a csatlakozásra? Mikor válhat reálissá integrációjuk és hogyan támogathatja őket az Európai Unió a csatlakozáshoz vezető útjukon?K4: Milyen változásokat hozott Donald Trump ismételt elnökké választása a transzatlanti kapcsolatokban és hogyan alkalmazkodhat ezekhez az Európai Unió?Leíró-elemző jellegű, magyar, angol, német és román nyelvű elsődleges és másodlagos források felhasználására épülő kutatásom során az alábbi hipotéziseket állítottam:H1: Az orosz-ukrán háború nagy léptékű eszkalációja fényében az Európai Unió további bővítése elkerülhetetlen stratégiai szükségszerűséggé vált.H2: Donald Trump második elnöksége olyan alapvető változásokat hozott a transzatlanti kapcsolatokban, amelyek nyomán elkerülhetetlenné vált az európai stratégiai autonómia megvalósítása, azaz annak biztosítása, hogy az EU autonóm geopolitikai szereplőként a multipolarizálódó világrend egyik önálló pólusává váljon, amely képes önállóan megvédeni érdekeit és értékeit.Kutatásom során a fenti hipotézisek igazolódtak és megállapítást nyert, hogy az európai stratégiai autonómia megvalósításához az EU pozíciója kedvező, így az inkább akarat, semmint lehetőség kérdése. 
695 |a európai stratégiai autonómia 
695 |a Európai Unió 
695 |a Európai Unió bővítése 
695 |a Európai Unió intézményrendszere 
695 |a orosz-ukrán háború 
695 |a Oroszország 
700 1 |a Krasztev Dr. Péter Lajos  |e ths 
856 4 0 |u http://dolgozattar.uni-bge.hu/60467/1/Domj%C3%A1n_L%C3%A1szl%C3%B3_NGK.pdf  |z Dokumentum-elérés 
856 4 0 |u http://dolgozattar.uni-bge.hu/60467/2/Domj%C3%A1n_L%C3%A1szl%C3%B3_NGK.docx  |z Dokumentum-elérés 
856 4 0 |u http://dolgozattar.uni-bge.hu/60467/3/Szerz%C5%91i_hozz%C3%A1j%C3%A1rul%C3%A1s_Domj%C3%A1n_L%C3%A1szl%C3%B3_NGK.pdf  |z Dokumentum-elérés 
856 4 0 |u http://dolgozattar.uni-bge.hu/60467/4/Domjan_Laszlo_BGK_FB.pdf  |z Dokumentum-elérés 
856 4 0 |u http://dolgozattar.uni-bge.hu/60467/5/Domj%C3%A1n%20L%C3%A1szl%C3%B3%20NGK%20GYP.pdf  |z Dokumentum-elérés